Canada Olympic Hockey Teams - Statistics

General Stats
  • This quiz has been taken 57 times
  • The average score is 58 of 122
Answer Stats
Year Hint Answer % Correct
2010 F Sidney Crosby
88%
2014 F Sydney Crosby
88%
2014 G Carey Price
80%
1998 | 2002 | 2006 | 2010 G Martin Brodeur
80%
2002 F Mario Lemieux
78%
2010 | 2014 D Drew Doughty
76%
2006 | 2014 F Martin St. Louis
71%
1998 G Patrick Roy
68%
1998 F Wayne Gretzky
68%
1998 | 2002 | 2006 F Joe Sakic
66%
1998 | 2002 F Steve Yzerman
66%
2006 | 2010 F Joe Thornton
63%
2010 | 2014 F Patrick Marleau
63%
2006 | 2010 | 2014 G Roberto Luongo
63%
2002 | 2010 D Scott Niedermayer
63%
2006 F Vincent Lecavalier
63%
1998 | 2002 | 2006 | 2010 D Chris Pronger
61%
2010 | 2014 F Jonathon Toews
61%
2010 G Marc-Andre Fleury
61%
2010 | 2014 F Ryan Getzlaf
61%
2010 | 2014 F Corey Perry
59%
2014 G Mike Smith
59%
2010 | 2014 F Patrice Bergeron
59%
2014 D P.K. Subban
59%
1998 | 2002 F Theo Fleury
59%
2014 F Jamie Benn
56%
2002 | 2006 | 2010 F Jarome Iginla
56%
2010 | 2014 D Shea Weber
56%
2010 | 2014 D Duncan Keith
54%
2014 F John Tavares
54%
2014 D Alex Pietrangelo
51%
1998 | 2002 F Eric Lindros
49%
2010 | 2014 Coach Mike Babcock
49%
1998 | 2002 D Al MacInnis
46%
2006 | 2010 F Dany Heatley
46%
2002 G Ed Belfour
46%
1998 D Ray Bourque
46%
2014 F Chris Kunitz
44%
2014 D Marc-Edouard Vlasic
44%
2006 | 2010 | 2014 F Rick Nash
44%
2006 | 2014 D Jay Bouwmeester
41%
2014 F Jeff Carter
41%
1998 | 2002 F Brendan Shanahan
39%
1998 | 2002 | 2006 D Rob Blake
39%
1998 D Scott Stevens
39%
2010 D Brent Seabrook
37%
1998 | 2002 G Curtis Joseph
37%
2010 F Eric Staal
37%
1998 Coach Marc Crawford
37%
2002 F Paul Kariya
37%
2006 F Brad Richards
34%
2010 F Brenden Morrow
34%
1998 | 2002 F Joe Nieuwendyk
34%
2010 F Mike Richards
34%
1998 | 2002 | 2006 D Adam Foote
32%
2014 F Patrick Sharp
32%
1998 F Rod Brind'Amour
32%
1998 F Mark Recchi
29%
2014 D Dam Hamhuis
27%
1998 F Keith Primeau
27%
2002 | 2006 Coach Pat Quinn
27%
2002 | 2006 F Ryan Smyth
27%
2006 F Todd Bertuzzi
27%
2010 D Dan Boyle
24%
2006 G Marty Turco
24%
2014 F Matt Duchene
24%
2006 F Shane Doan
24%
1998 F Rob Zamuner
22%
2002 | 2006 F Simon Gagne
22%
2002 D Ed Jovanovski
20%
2002 D Eric Brewer
20%
1998 D Eric Desjardins
20%
2002 F Own Nolan
20%
2006 D Wade Redden
20%
2006 F Kris Draper
17%
2006 D Robyn Regehr
17%
1998 F Trevor Linden
17%
2006 D Bryan McCabe
15%
2002 F Michael Peca
15%
1998 F Shayne Corson
12%
No matching quizzes found
Score Distribution
Percent of People with Each Score
Percentile by Number Answered
Your Score History
You have not taken this quiz